00401nam a22001097a 4500003000400000245005900004260001300063942001200076952009300088952009300181999001700274SGT aInternational Journal of Clinical Pediatric Dentistry  c201-2011 2ddccBV 00102ddc4071aFDbFDd2024-11-20iSGTUl0pPD210r2024-11-20 00:00:00w2024-11-20yBV 00102ddc4071aFDbFDd2024-11-20iSGTUl0pPD211r2024-11-20 00:00:00w2024-11-20yBV c27492d27492